Khulate sīpa, nikalate moti. (Record no. 82151)

MARC details
000 -LEADER
fixed length control field 00544cam a22002171 4500
001 - CONTROL NUMBER
control field sa 68007976
003 - CONTROL NUMBER IDENTIFIER
control field DLC
005 - DATE AND TIME OF LATEST TRANSACTION
control field 20260227112527.0
008 - FIXED-LENGTH DATA ELEMENTS--GENERAL INFORMATION
fixed length control field 881102s1967 xx 000 0 hino
010 ## - LIBRARY OF CONGRESS CONTROL NUMBER
LC control number sa 68007976
035 ## - SYSTEM CONTROL NUMBER
System control number (OCoLC)23546473
040 ## - CATALOGING SOURCE
Original cataloging agency DLC
Transcribing agency MiU
Modifying agency DLC
042 ## - AUTHENTICATION CODE
Authentication code premarc
050 00 - LIBRARY OF CONGRESS CALL NUMBER
Classification number PK2057
Item number .M52
100 1# - MAIN ENTRY--PERSONAL NAME
Personal name Miśra, Rājakr̥shṇa,
Dates associated with a name 1940-
Relator term comp.
245 10 - TITLE STATEMENT
Title Khulate sīpa, nikalate moti.
260 ## - PUBLICATION, DISTRIBUTION, ETC.
Date of publication, distribution, etc. [1967 or 8]
300 ## - PHYSICAL DESCRIPTION
Extent 67 p.
Other physical details port.
Dimensions 19 cm.
500 ## - GENERAL NOTE
General note Romanized.
650 #0 - SUBJECT ADDED ENTRY--TOPICAL TERM
Topical term or geographic name entry element Hindi poetry

No items available.

Powered by Koha